000 01193nam a2200349 i 4500
001 10158
003 KOSZ 005
005 20200527083232.0
008 s1968 pl f |000 0 pol d
040 _cKOSZ 005
_aKOSZ 005
_dKOSZ 005/AR
041 0 _apol
044 _apl
046 _k1968
080 _a620.1
080 _a620.17
100 1 _aPawłowski, Zdzisław
_d(1923-1998)
_eAutor
245 0 _aBadania nieniszczące.
_nCz. 1 /
_cZdzisław Pawłowski.
260 _aWarszawa :
_bStowarzyszenie Inżynierów i Techników Mechaników Polskich,
_c1968.
300 _a225 [7] stron :
_bilustracje ;
_c30 cm.
336 _aTekst
_btxt
_2rdamedia
337 _aBez urzadzenia pośredniczącego
_bn
_2rrdamedia
338 _aWolumin
_bnc
_2rdacarrier
380 _aKsiążki
388 _a1901-2000
388 _a1945-1989
504 _aBibliografia na stronie [232].
650 _aBadania nieniszczące
658 _aInżynieria i technika
710 _aStowarzyszenie Inżynierów i Techników Mechaników Polskich
856 _uhttp://koha.tu.koszalin.pl/cgi-bin/koha/opac-detail.pl?biblionumber=10158
_yKatalog online BPK
942 _cKS
_2UKD
999 _c10158
_d10158